| 000 | 00766nam a2200241ua 4500 | ||
|---|---|---|---|
| 001 | 53104 | ||
| 003 | BD-RjUL | ||
| 005 | 20211209075917.0 | ||
| 008 | 161120r19501929enkabe 000 0 eng | ||
| 035 | _a(BD-RjUL)53224 | ||
| 040 |
_aDLC _cCarP _dDLC _beng |
||
| 041 | _aeng | ||
| 082 |
_223 _a941 _bMUB 1950 |
||
| 100 | 1 |
_aMuir, Ramsay _d1872-1941. _9149363 |
|
| 245 | 1 | 0 |
_aBritish history : _ba survey of the history of all the British peoples / _cby Ramsay Muir |
| 260 |
_aLondon : _bG. Philip & son, ltd., _c1929 [Reprinted 1950] |
||
| 300 |
_axx, 816 p. : _bill. ; _c20 cm. |
||
| 650 |
_aBritish colonies. _9165485 |
||
| 651 | 0 |
_aGreat Britain _xHistory. _9165486 |
|
| 651 | 0 |
_aGreat Britain _xColonies _xHistory. _9165487 |
|
| 942 |
_2ddc _cBK |
||
| 999 |
_c53104 _d53104 |
||